000 00542nam a2200205Ia 4500
005 20250326144718.0
008 250326s9999 xx 000 0 und d
020 _a0-333-39737-1
037 _aTextbook
040 _aFMSL
_beng
_cFMSL
041 _aeng
_2eng
084 _aX:71 L9
_qFMSL
100 _aKoutsoyiannis A
245 0 _aModern microeconomics
_cKoutsoyiannis A
250 _a2
260 _aHong Kong
_bHong Kong, ELBS Macmillian
_c1975
300 _a581p
942 _cTB
_hX:71 L9
999 _c1304717
_d1304717